INTERNATIONAL BUSINESS AND MARKETING MAN (Record no. 1491)

MARC details
000 -LEADER
fixed length control field 00341nam a2200133Ia 4500
008 - FIXED-LENGTH DATA ELEMENTS--GENERAL INFORMATION
fixed length control field 240624s9999 xx 000 0 und d
041 ## - LANGUAGE CODE
Language code of text/sound track or separate title eng
082 ## - DEWEY DECIMAL CLASSIFICATION NUMBER
Classification number 658.8 SIN
100 ## - MAIN ENTRY--PERSONAL NAME
Personal name SINGH YOGENDRA
245 ## - TITLE STATEMENT
Title INTERNATIONAL BUSINESS AND MARKETING MAN
260 ## - PUBLICATION, DISTRIBUTION, ETC.
Date of publication, distribution, etc. 2004
Place of publication, distribution, etc. Delhi
Name of publisher, distributor, etc. A.I.T.B.S.
300 ## - PHYSICAL DESCRIPTION
Extent ix, : 345 : p. : cm. ; 25
365 ## - TRADE PRICE
Currency code RS
Holdings
Withdrawn status Lost status Damaged status Not for loan Home library Current library Shelving location Date acquired Source of acquisition Cost, normal purchase price Total Holds Full call number Barcode Date last seen Copy number Price effective from Koha item type
        IMTN IMTN Rack 36-A 12/08/2004 AITBS 250.00 238 658.8 SIN 1491 06/24/2024 1 06/24/2024 Books
Designed & Maintained by: LRC IMT Nagpur Contact: lrc@imtnag.ac.in© 2024. All Rights Reserved.